Русалка (Запись № 5153646)

Подробности
000 -МАРКЕР
контрольное поле 01674nam1a22003371i 4500
001 - ИДЕНТИФИКАТОР ЗАПИСИ
контрольное поле v19\rc\2100910
005 - ИДЕНТИФИКАТОР ВЕРСИИ
контрольное поле 20241103065123.0
035 ## - ДРУГИЕ СИСТЕМНЫЕ НОМЕРА
Идентификатор записи (NLR Aleph) 005184330
100 ## - ДАННЫЕ ОБЩЕЙ ОБРАБОТКИ
Данные общей обработки 20090914g18041807m||y0rusy50 ca
101 1# - ЯЗЫК РЕСУРСА
Язык текста, звукозаписи и т.д. русский
Язык оригинала немецкий
102 ## - СТРАНА ПУБЛИКАЦИИ ИЛИ ПРОИЗВОДСТВА
Страна публикации российская федерация
140 ## - ПОЛЕ КОДИРОВАННЫХ ДАННЫХ: СТАРОПЕЧАТНЫЕ ИЗДАНИЯ - ОБЩАЯ ИНФОРМАЦИЯ
Кодированные данные о старопечатном издании - Основные y y cayaa0000
200 1# - ЗАГЛАВИЕ И СВЕДЕНИЯ ОБ ОТВЕТСТВЕННОСТИ
Основное заглавие Русалка
Сведения, относящиеся к заглавию опера комическая в трех действиях
210 ## - ПУБЛИКАЦИЯ, РАСПРОСТРАНЕНИЕ И ДР.
Место издания, распространения и т.д. В Санктпетербурге
Имя издателя, распространителя и т. д. в Театральной типографии
Дата издания, распространения и т.д. 1804-1807
215 ## - ФИЗИЧЕСКАЯ ХАРАКТЕРИСТИКА
Размеры 12°
300 ## - ОБЩИЕ ПРИМЕЧАНИЯ
Текст примечания Ценз.: С дозволения санктпетербургского гражданского губернатора (тит. л. ч.1), СПб. ценз. ком. (ч.2-3), СПб. ценз. ком. (тит. л. ч.4)
300 ## - ОБЩИЕ ПРИМЕЧАНИЯ
Текст примечания На с.[5-6] ч.1 посвящ. пер. А.Л.Нарышкину с подписью: Николай Краснопольский
300 ## - ОБЩИЕ ПРИМЕЧАНИЯ
Текст примечания Загл. ориг.: Das Donauweibchen
620 ## - МЕСТО И ДАТА ПУБЛИКАЦИИ, ИСПОЛНЕНИЯ И Т. Д.
Страна Санкт-Петербург
700 #1 - ИМЯ ЛИЦА - ПЕРВИЧНАЯ ОТВЕТСТВЕННОСТЬ
Начальный элемент ввода Хенслер
Часть имени, кроме начального элемента ввода К.Ф.
Даты 1761-1825
Расширение инициалов личного имени Карл Фридрих
702 #1 - ИМЯ ЛИЦА - ВТОРИЧНАЯ ОТВЕТСТВЕННОСТЬ
Начальный элемент ввода Краснопольский
Часть имени, кроме начального элемента ввода Н.С.
Даты 1775-1830
Расширение инициалов личного имени Николай Степанович
Код отношения Переводчик
702 #1 - ИМЯ ЛИЦА - ВТОРИЧНАЯ ОТВЕТСТВЕННОСТЬ
Код отношения Объект посвящения
Графика поля Кириллица
Материалы, к которым относится поле rus
Начальный элемент ввода Нарышкин
Часть имени, кроме начального элемента ввода А. Л.
Даты 1760-1826
Расширение инициалов личного имени Александр Львович
Системный номер авторитетной/нормативной записи 171735
Идентификатор авторитетной/нормативной записи RU\NLR\AUTH\770171785
712 00 - НАИМЕНОВАНИЕ ОРГАНИЗАЦИИ - ВТОРИЧНАЯ ОТВЕТСТВЕННОСТЬ
Код отношения Печатник (типограф)
Начальный элемент ввода Плавильщиков,
Идентифицирующий признак Петербург
Инверсированный элемент В. А.,
Часть наименования, отличная от начального элемента ввода и от инверсированного элемента типография
Системный номер авторитетной/нормативной записи 517304
Идентификатор авторитетной/нормативной записи RU\NLR\AUTH\880426395
801 #0 - ИСТОЧНИК ЗАПИСИ
Страна российская федерация
Организация NLR
Правила каталогизации psbo
801 #1 - ИСТОЧНИК ЗАПИСИ
Страна российская федерация
Организация ProSoft-M
Источник данных rusmarc
852 ## - МЕСТОНАХОЖДЕНИЕ И ШИФР ХРАНЕНИЯ
Идентификатор организации NLR
Шифр хранения (Call Number) 18.131.7.19-1-4
852 ## - МЕСТОНАХОЖДЕНИЕ И ШИФР ХРАНЕНИЯ
Идентификатор организации NLR
Шифр хранения (Call Number) 19.113а.5.541-1
852 ## - МЕСТОНАХОЖДЕНИЕ И ШИФР ХРАНЕНИЯ
Идентификатор организации NLR
Шифр хранения (Call Number) 137/1313-1-4
942 ## - ДОПОЛНИТЕЛЬНЫЕ ЭЛЕМЕНТЫ ЗАПИСИ (АБИС)
Тип экземпляра АБИС Книга

Нет доступных экземпляров.